ბათუმის შოთა რუსთაველის სახელმწიფო უნივერსიტეტის ბიბლიოთეკა

პოეტური და თეორიული = Poetisches und Theoretisches : (ბიბ.ჩანაწერი № 60457)

000 -ლიდერი
ფიქსირებული სიგრძის საკონტროლო ველი 01875nam a22002537a 4500
003 - საკონტროლო ნომრის იდენტიფიკატორი
საკონტროლო ველი Ge_BSU
005 - ბოლო ოპერაციის თარიღი და დრო
საკონტროლო ველი 20230724122629.0
008 - ფიქსირებული სიგრძის მონაცემთა ელემენტები - ზოგადი ინფორმაცია
ფიქსირებული სიგრძის საკონტროლო ველი 230724s2012ge xxu||||| |||| 00| 0 geo d
020 ## - წიგნის საერთაშორისო სტანდარტული ნომერი
International Standard Book Number 9789941041488
041 ## - ენის კოდი
Language code of text/sound track or separate title geo
080 ## - უნივერსალური ათობითი კლასიფიკაციის ინდექსი
Universal Decimal Classification number 821.112.2.03-353.1 ე-68
100 ## - მთავარი ჩანაწერი - პიროვნების სახელი
Personal name ენცენსბერგერი, ჰანს მაგნუს
9 (RLIN) 19493
245 ## - ცნობა სათაურის შესახებ
Title პოეტური და თეორიული = Poetisches und Theoretisches :
Remainder of title ჰ.მ. ენცენსბერგერის რამდენიმე ლექსი, ორი ესსე და ვოლფ ლეპენიესის წერილი ჰ.მ. ენცენსბერგერზე /
Statement of responsibility, etc ჰანს მაგნუს ენცენსბერგერი ; [მთარგმნ.: ბესიკ ადეიშვილი, დათო ბარბაქაძე, თამარ კოტრიკაძე [და სხვ.]].
250 ## - გამოცემის ცნობა
Edition statement [I-ლი გამოც.].
264 ## - წარმოების, გამოცემის, დისტრიბუციის და სხვა ცნობები
გამოცემის, წარმოების, დისტრიბუციის... ადგილი თბილისი :
გამოცემის, წარმოების, დისტრიბუციის... სახელწოდება თვითგამოცემა,
გამოცემის, წარმოების, დისტრიბუციის... თარიღი 2012.
300 ## - ფიზიკური აღწერა
Extent 88 გვ. ;
Other physical details 29 სმ.
653 ## - INDEX TERM--UNCONTROLLED
Uncontrolled term ენცენსბერგერის რამდენიმე ლექსი, ორი ესსე და ვოლფ ლეპენიესის წერილი ჰ.მ. ენცენსბერგერზე
700 ## - ADDED ENTRY--PERSONAL NAME
Personal name ადეიშვილი, ბესიკ
Relator term მთარგმნელი
9 (RLIN) 19494
700 ## - ADDED ENTRY--PERSONAL NAME
Personal name ბარბაქაძე, დათო
Relator term მთარგმნელი
9 (RLIN) 19495
700 ## - ADDED ENTRY--PERSONAL NAME
Personal name კოტრიკაძე, თამარ
Relator term მთარგმნელი
9 (RLIN) 18851
773 ## - HOST ITEM ENTRY
Title ნაჩუქარი
856 ## - ELECTRONIC LOCATION AND ACCESS
Uniform Resource Identifier https://dspace.nplg.gov.ge/bitstream/1234/12156/1/PoeturiDaTeoriuli.pdf
Link text ელექტრონული ვერსია
942 ## - ADDED ENTRY ELEMENTS (KOHA)
Source of classification or shelving scheme
Koha item type წიგნი
ეგზემპლარები
ჩამოწერის სტატუსი დაკარგული ეგზემპლარის სტატუსი კლასიფიკაციის წყარო ან თაროზე გაწყობის სქემა დაზიანების სტატუსი არ გაიცემა მუდმივი მდებარეობა (დაცვის ადგილი) ამჟამინდელი ადგილსამყოფელი თაროზე განთავსების ადგილი შეძენის თარიღი ღირებულება, შესყიდვის ნორმალური ფასი სრული შენახვის შიფრი შტრიხკოდი ბოლო ოპერაციის თარიღი ეგზემპლარის მიმდევრობითი ნომერი (კეტერი?) ფასის ძალაში შესვლის თარიღი ეგზემპლარის სახეობა საჯარო შენიშვნა
          ბათუმის შოთა რუსთაველის სახელმწიფო უნივერსიტეტის მთავარი ბიბლიოთეკა ბათუმის შოთა რუსთაველის სახელმწიფო უნივერსიტეტის მთავარი ბიბლიოთეკა წიგნსაცავი 2023-07-24 6.00 821.112.2.03-353.1 ე-68 65021 2023-07-24 65021 2023-07-24 წიგნი 6.00
          ბათუმის შოთა რუსთაველის სახელმწიფო უნივერსიტეტის მთავარი ბიბლიოთეკა ბათუმის შოთა რუსთაველის სახელმწიფო უნივერსიტეტის მთავარი ბიბლიოთეკა წიგნსაცავი 2023-07-24 6.00 821.112.2.03-353.1 ე-68 65022 2023-07-24 65022 2023-07-24 წიგნი 6.00